01136nam a2200193Ia 4500001001100000003001000011008004100021040002500062041001300087100002200100245003900122250001100161260007600172300001200248500026600260501011400526520026600640650003600906L200-58089IT-CnALBA170116s9999||||xx |||||||||||||| ||und|| aIT-CnALBAcIT-CnALBA aITALIANO aMERCANTE VINCENZO 0aIL TEMPIO, LA TORAH, LA VERITÀ.  a1a ed. a UDINEbSEGNO, EDIZIONI c2004 [1° Ed.:2004 - Ed.Ling.Originale: 2004] a104 p.  aIL TEMPIO DI GERUSALEMME. EBRAISMO E CRISTIANESIMO. CONTINUITÀ E DIALOGO. LA MISERICORDIA CHIAVE DI LETTURA NELLA BIBBIA. IL TIMORE DI DIO È ESPRESSIONE BASILARE DELLA RELIGIOSITÀ EBRAICA. STORIA DEL CANONE BIBLICO E PRINCIPI TEOLOGICI. DIFFERENZE TRA CON aSocietà San Paolo EM - Piazza San Paolo, 14 - 12051 ALBA (CN) (non commercial uses only) ® Copyright 2017 aIL TEMPIO DI GERUSALEMME. EBRAISMO E CRISTIANESIMO. CONTINUITÀ E DIALOGO. LA MISERICORDIA CHIAVE DI LETTURA NELLA BIBBIA. IL TIMORE DI DIO È ESPRESSIONE BASILARE DELLA RELIGIOSITÀ EBRAICA. STORIA DEL CANONE BIBLICO E PRINCIPI TEOLOGICI. DIFFERENZE TRA CON aRELIGIONE - RELIGIONE CRISTIANA